00493nam a2200109 a 4500008004100000050001900041100002200060245014900082260011100231350000900342650003200351070524s2006 ||||||||||||||||| || u aTHESIS/STUDENT aMwanakayaya, Stan14aThe impact of community participation on rural water supply :case of Nalubanda Community in Mumbwa DistrictcThesis supervised by Mr. Jacob Okra aKitwebCopperbelt University, School of Built Environment, Department of Urban and Regional Planningc2006 a0.00 aWATER-SUPPLY, RURAL--ZAMBIA